[Event "UKM KL Masters"]
[Site "Kuala Lumpur INA"]
[Date "2010.04.19"]
[Round "9"]
[White "Fernandez,Dan SIN"]
[Black "Chan,Ni"]
[Result "1-0"]
[WhiteElo "2299"]
[BlackElo "2398"]

1.e4 c5 2.Nf3 Nc6 3.Bb5 g6 4.O-O Bg7 5.Re1 e5 6.c3 Nge7 7.Na3 O-O 8.Nc4 d6
9.h3 a6 10.Bxc6 Nxc6 11.a4 Rb8 12.d3 h6 13.Ne3 f5 14.Nd5 Be6 15.c4 a5 16.Bd2 f4
17.Bc3 Bf6 18.Kf1 Kg7 19.Ke2 g5 20.Kd2 Qd7 21.Kc2 Rf7 22.Rg1 Rbf8 23.b3 Bd8
24.Nh2 Kg6 25.Qe2 h5 26.f3 Rg7 27.Nf1 Kf7 28.g3 Rfg8 29.Qh2 Rh7 30.gxf4 gxf4
31.Nd2 Nb4+ 32.Bxb4 axb4 33.d4 Rhg7 34.Rxg7+ Rxg7 35.dxe5 dxe5 36.Rg1 Rxg1
37.Qxg1 Qd6 38.Qh2 Bh4 39.Nf1 Bd7 40.a5 Qa6 41.Kb1 Bd8 42.Qf2 Qxa5 43.h4 b6
44.Qb2 Qa3 45.Qxe5 Qxb3+ 46.Ka1 Qd1+ 47.Kb2 Qe2+ 48.Kb3 Qxf3+ 49.Kb2 Qxf1
50.Qxh5+ Ke6 51.Qf5+ Kd6 52.Qf8+ Ke5 53.Qxd8 Qe2+ 54.Kb3 Qd1+ 55.Kb2 Qd2+
56.Kb3 Qd3+ 57.Kb2 Qa3+ 58.Kb1 Qb3+ 59.Ka1 Qa4+ 60.Kb2 Qa3+ 61.Kb1 b3 62.Qf6+ Kxe4
63.Qxf4+ Kd3 64.Qe3+ Kxc4 65.Qe4+ Kb5 66.Nc7+ Ka5 67.Qa8+ Kb4 68.Nd5+  1-0

[Event "Venka & Antonia Ivanova Mem"]
[Site "Sofia BUL"]
[Date "2010.04.22"]
[Round "3"]
[White "Popov,Geo"]
[Black "Filev,G"]
[Result "0-1"]
[WhiteElo "2218"]
[BlackElo "2360"]

1.e4 c5 2.Nf3 Nc6 3.Bb5 Nf6 4.Bxc6 dxc6 5.Nc3 Bg4 6.d3 Nd7 7.h3 Bh5 8.Be3 e5
9.a4 Bd6 10.g4 Bg6 11.Qd2 Nf8 12.Bg5 f6 13.Be3 Ne6 14.Nh4 Bf7 15.Nf5 Bf8
16.Ne2 Nd4 17.Bxd4 cxd4 18.f4 g6 19.Nfg3 Qb6 20.O-O Bb4 21.Qc1 Qa5 22.Rf3 Bd2
23.Qf1 Be6 24.f5 gxf5 25.Nxf5 Bxf5 26.Rxf5 h5 27.Rxh5 Rxh5 28.gxh5 O-O-O
29.Kh1 Be3 30.Qe1 Qb6 31.b4 Rg8 32.Rb1 Qc7 33.Qh4 Qg7 34.Qg4+ Qxg4 35.hxg4 Rxg4
36.b5 cxb5 37.Rxb5 Rg5 38.Rc5+ Kd7 39.Rd5+ Kc6 40.Rd8 Rxh5+ 41.Kg2 Rh7 42.Rf8 Bg5
43.c3 dxc3 44.Nxc3 Kc5 45.Nb5 a6 46.Rc8+ Kb6 47.Nc3 Ka7 48.Nd5 b5 49.Rc6 Rb7
50.axb5 Rxb5 51.Nxf6 Bxf6 52.Rxf6 a5 53.Kf3 a4 54.Ke3 a3 55.Rf1 Kb6 56.Kd2 Kc5
57.Ra1 Kb4 58.Rb1+ Ka4 59.Ra1 Kb3 60.Rb1+ Ka4  0-1

[Event "TCh-ISR"]
[Site "Israel ISR"]
[Date "2010.04.23"]
[Round "7"]
[White "Bitensky,I"]
[Black "Rechlis,G"]
[Result "0-1"]
[WhiteElo "2406"]
[BlackElo "2460"]

1.e4 c5 2.Nf3 Nc6 3.Bb5 d6 4.O-O Bd7 5.c3 a6 6.Ba4 Nf6 7.Re1 b5 8.Bc2 Bg4
9.a4 g6 10.axb5 axb5 11.Rxa8 Qxa8 12.d4 cxd4 13.cxd4 Bg7 14.e5 dxe5 15.dxe5 Nd7
16.e6 fxe6 17.h3 Bxf3 18.Qxf3 Qc8 19.Be3 Nd4 20.Bxd4 Bxd4 21.Qe4 Qc5 22.Kh1 Rf8
23.Bb3 Bxf2 24.Bxe6 Nb6 25.Rd1 Rf6 26.Nc3 Kf8 27.Ba2 b4 28.Ne2 Qe3 29.Ng3 Rd6
30.Rf1 Qxg3 31.Qxb4 Rf6 32.Rd1 Qe3  0-1

[Event "Venka & Antonia Ivanova Mem"]
[Site "Sofia BUL"]
[Date "2010.04.23"]
[Round "4"]
[White "Mladenov,P"]
[Black "Gochev,M"]
[Result "1-0"]
[WhiteElo "2378"]
[BlackElo "2229"]

1.e4 c5 2.Nf3 Nc6 3.Bb5 Nf6 4.e5 Nd5 5.O-O Nc7 6.Bxc6 dxc6 7.h3 Bf5 8.Nc3 e6
9.d3 h6 10.Qe2 Nb5 11.Nxb5 cxb5 12.d4 c4 13.a4 a6 14.axb5 axb5 15.Rxa8 Qxa8
16.d5 Bc5 17.Nh4 Bh7 18.dxe6 fxe6 19.Qh5+ Ke7 20.Ng6+ Bxg6 21.Qxg6 Qg8 22.Be3 Bxe3
23.fxe3 h5 24.Rd1 Qf8 25.Qg5+  1-0

[Event "Open"]
[Site "Bar MNE"]
[Date "2010.04.24"]
[Round "9"]
[White "Zecevic,Iv"]
[Black "Dabetic,R"]
[Result "0-1"]
[WhiteElo "1965"]
[BlackElo "2305"]

1.e4 c5 2.Nf3 Nc6 3.Bb5 e6 4.Bxc6 bxc6 5.O-O d5 6.d3 Ne7 7.Nc3 Ng6 8.Re1 Be7
9.Ne2 O-O 10.Nf4 Rb8 11.b3 Nxf4 12.Bxf4 Rb7 13.Qd2 f6 14.e5 Kh8 15.Rab1 Qe8
16.c4 Qh5 17.Qe2 f5 18.g3 h6 19.h4 Bd7 20.Kg2 Rfb8 21.Qd2 Bd8 22.Rh1 Kg8
23.Qc2 Be7 24.Qd2 Rb4 25.Qe2 Be8 26.Rbd1 Bf8 27.Rc1 R4b6 28.Qd2 Qf7 29.Be3 Qd7
30.h5 Bf7 31.Ng1 Rd8 32.Qe2 Qe8 33.Bd2 Rb7 34.Rc2 Kh8 35.Bc1 Rbd7 36.f4 a5
37.Bd2 Ra8 38.a4 Rb7 39.Rb2 Qd8 40.Bc3 Rab8 41.Qc2 Ra8 42.Qe2 Qe8 43.Qf3 Be7
44.Ne2 Bd8 45.Nc1 Rab8 46.Kf1 Rd7 47.Ke1 Bc7 48.Kf1 Rbd8 49.Kf2 Bg8 50.Kg2 Ra8
51.Kf2 Bh7 52.Ke1 Rf7 53.Ke2 Qd7 54.Rd2 Rg8 55.Kd1 Qe8 56.Rdh2 Bd8 57.Kc2 Rb7
58.Kb2 Rf8 59.Ka2 Rb8 60.Qd1 Rf7 61.Qe1 Ra7 62.Qd2 Bg8 63.Qe1 Rba8 64.Qe2 Be7
65.Qf3 Bf8 66.Bd2 Bh7 67.Ka3 g6 68.hxg6 Bxg6 69.Rh3 Rh7 70.Be1 h5 71.Ka2 Be7
72.Ka3 Kg8 73.Ka2 Bd8 74.Qe3 Bb6 75.Qf3 Raa7 76.Bf2 Rag7 77.Qe3 Qd7 78.Qe2 Be8
79.Ka3 d4 80.Qd2 Bd8 81.Be1 Rg4 82.Qf2 Rhg7 83.R1h2 Bg6 84.Ne2 Qb7 85.Rh1 Be8
86.R1h2 Kf8 87.Ka2 Ke7 88.Rh1 Kd7 89.Ka3 Kc8 90.Nc1 h4 91.Ne2 Bh5 92.R1h2 R7g6
93.gxh4 Qg7 94.Ng3 Rh6 95.Bd2 Kb7 96.Ka2 Kb6 97.Ka3 Qg6 98.Ka2 Kb7 99.Ka3 Rh7
100.Ka2 Rg7 101.Be1 Qh6 102.Ne2 Bc7 103.Ka3 Rg8 104.Bd2 R4g7 105.Rg3 Bg4
106.Ng1 Qh5 107.Rgg2 Bd8 108.Be1 Ka6 109.Ka2 Rg6 110.Qd2 Bc7 111.Ne2 Rh8
112.Ng3 Qh6 113.Rg1 Bh5 114.Rhg2 Rhg8 115.Kb2 Bf3 116.Rh2 Bh5 117.Bf2 Bxe5
118.Be1 Bc7 119.Ka3 Rg4 120.Qg2 Kb7 121.Rh3 Bxf4 122.Qh1 Bc7 123.Kb2 Qg6
124.Bf2 e5 125.Re1 Rf4 126.Qg1 Qh7 127.Qf1 Bf3 128.Rh2 e4 129.dxe4 fxe4 130.Ne2 Rf7
131.Nxd4  0-1

[Event "TCh-SUI 2010"]
[Site "Switzerland SUI"]
[Date "2010.04.25"]
[Round "3.4"]
[White "Lehmann,A"]
[Black "Vogt,L"]
[Result "1/2-1/2"]
[WhiteElo "2321"]
[BlackElo "2427"]

1.e4 c5 2.Nf3 Nc6 3.Bb5 d6 4.d4 cxd4 5.Qxd4 Bg4 6.Nc3 Bxf3 7.gxf3 Nf6 8.Bg5 e6
9.O-O-O Be7 10.f4 O-O 11.Bxc6 bxc6 12.Rhg1 Kh8 13.e5 dxe5 14.Qxd8 Rfxd8 15.fxe5 Nd5
16.Nxd5 Bxg5+ 17.Rxg5 cxd5 18.Rg4 Rd7 19.b3 Rc7 20.Kb2 Rac8 21.Rd2 h5 22.Rgd4 g5
23.h4 Rg8 24.hxg5 Rxg5 25.f4 Rf5 26.c4 dxc4 27.bxc4 Kg7 28.Rc2 Rc5 29.Kc3 Kf8
30.Kb4 Rc7 31.c5 Ke7 32.c6 f6 33.Rcd2 Rxc6 34.Rd7+ Ke8 35.Rd8+ Kf7 36.R2d7+ Kg6
37.Rg8+ Kh6 38.Rh8+  1/2-1/2

[Event "7th Balagne Open"]
[Site "Calvi FRA"]
[Date "2010.04.27"]
[Round "4"]
[White "Piscopo,P"]
[Black "Sgnaolin,D"]
[Result "1-0"]
[WhiteElo "2418"]
[BlackElo "2234"]

1.e4 c5 2.Nf3 Nc6 3.Bb5 g6 4.c3 Nf6 5.e5 Nd5 6.O-O Bg7 7.d4 cxd4 8.cxd4 O-O
9.Nc3 Nxc3 10.bxc3 d6 11.exd6 Qxd6 12.a4 a6 13.Ba3 Qc7 14.Bxc6 bxc6 15.Re1 Re8
16.Ne5 Be6 17.h4 Rad8 18.Qe2 Rd5 19.Qxa6 Bxe5 20.Rxe5 Rxe5 21.dxe5 Qxe5 22.Qxc6 Rc8
23.Qb7 Qxc3 24.Bb2 Bd5 25.Qd7 Be6 26.Qxe6 fxe6 27.Bxc3 Rxc3 28.a5 Rc7 29.a6 Ra7
30.f3 Kf7 31.Kf2 Kf6 32.Ra5 h6 33.Ke3 e5 34.Ke4 e6 35.Ra4  1-0

[Event "ch-SRB w"]
[Site "Pancevo SRB"]
[Date "2010.04.30"]
[Round "11"]
[White "Miladinovic,L"]
[Black "Chelushkina,I"]
[Result "0-1"]
[WhiteElo "2038"]
[BlackElo "2319"]

1.e4 c5 2.Nf3 Nc6 3.Bb5 Na5 4.d4 cxd4 5.Nxd4 a6 6.Be2 e5 7.Nb3 Nf6 8.Bg5 Bb4+
9.c3 Be7 10.Bxf6 Bxf6 11.Nxa5 Qxa5 12.Qb3 O-O 13.Bc4 b5 14.Bd5 Rb8 15.O-O Bg5
16.Na3 Rb6 17.c4 b4 18.Nc2 Qc5 19.Ne1 d6 20.Nd3 Qc7 21.Qa4 Bd7 22.Qa5 Qb8
23.a3 bxa3 24.Rxa3 Kh8 25.Qc3 Be7 26.Rfa1 Bc8 27.b4 f5 28.h3 Qc7 29.Ra5 fxe4
30.Bxe4 Be6 31.b5 axb5 32.Ra7 Qd8 33.c5 dxc5 34.Qa5 Bd6 35.Bb7 Bb8 36.Ra8 Qc7
37.Bf3 e4 38.Bxe4 c4 39.Ne5 Qc5 40.Nf3 Qd6 41.Kf1 Bg8 42.Ne5 Qd4 43.Nf3 Qf6
44.Rb1 c3 45.Rxb5 Bc4+  0-1

[Event "ch-CZE"]
[Site "Ostrava CZE"]
[Date "2010.05.02"]
[Round "2"]
[White "Hracek,Z"]
[Black "Ponizil,C"]
[Result "1/2-1/2"]
[WhiteElo "2632"]
[BlackElo "2392"]

1.e4 c5 2.Nf3 Nc6 3.Bb5 g6 4.Bxc6 dxc6 5.d3 Bg7 6.O-O Nf6 7.Nbd2 Nd7 8.a4 Nf8
9.a5 e5 10.h3 f6 11.Nc4 Be6 12.Nfd2 Bf7 13.b3 Ne6 14.Ba3 Bf8 15.Qb1 Nd4 16.Re1 Be7
17.c3 Nb5 18.Bb2 O-O 19.Nf3 Bd6 20.Nxd6 Qxd6 21.Qc2 Rad8 22.Rad1 Qe6 23.c4 Nc7
24.Qd2 Qe7 25.Qe3 Ne6 26.h4 Rd7 27.g3 Qd8 28.Qd2 Rd6 29.Qc3  1/2-1/2

[Event "ch-CZE"]
[Site "Ostrava CZE"]
[Date "2010.05.04"]
[Round "4"]
[White "Novotny,Jar1"]
[Black "Nun,Ji"]
[Result "0-1"]
[WhiteElo "2217"]
[BlackElo "2361"]

1.e4 c5 2.Nf3 Nc6 3.Bb5 g6 4.O-O Bg7 5.c3 Nf6 6.Re1 O-O 7.h3 Ne8 8.d4 cxd4
9.cxd4 Nc7 10.Bf1 d5 11.exd5 Nxd5 12.Nc3 h6 13.Be3 Nxe3 14.fxe3 b6 15.Qd2 Bb7
16.Rad1 e6 17.e4 Ne7 18.Bc4 a6 19.a4 Qc7 20.Bb3 Rad8 21.d5 exd5 22.exd5 Nf5
23.Ne4 Nd6 24.Qf4 b5 25.Nf6+ Bxf6 26.Qxf6 Nf5 27.d6 Rxd6 28.Rxd6 Qxd6 29.Qxd6 Nxd6
30.Re7 Bxf3 31.gxf3 bxa4 32.Bxa4 Rb8 33.Rd7 Rb6 34.b3 Kg7 35.Kf2 Nf5 36.Ke2 h5
37.Kd3 Nh4 38.f4 Rf6 39.Ra7 Ng2 40.f5 gxf5 41.b4 Nf4+ 42.Kd4 Nxh3 43.Bb3 Ng5
44.Bc4 Rb6 45.Kc5 Rb8 46.Bxa6 Ne4+ 47.Kc4 h4 48.Rd7 h3  0-1

[Event "ch-CZE"]
[Site "Ostrava CZE"]
[Date "2010.05.04"]
[Round "4"]
[White "Seidl,S"]
[Black "Ponizil,C"]
[Result "1/2-1/2"]
[WhiteElo "2052"]
[BlackElo "2392"]

1.e4 c5 2.Nf3 Nc6 3.Bb5 g6 4.O-O Bg7 5.Bxc6 dxc6 6.d3 Nf6 7.Be3 b6 8.Qc1 Bg4
9.Ne5 Qc7 10.Nxg4 Nxg4 11.Bf4 Be5 12.g3 h5 13.Nc3 h4 14.Bxe5 Nxe5 15.f4 Nd7
16.g4 Nf8 17.Qe3 Ne6 18.Rf2 Nd4 19.e5 Qd7 20.h3 Ne6 21.Ne2 Qd5 22.Nc3 Qd7
23.Ne2 O-O-O 24.Rd1 Nc7 25.Nc3 Qe6 26.Ne4 Qxa2 27.c3 Qd5 28.d4 Qb3 29.Rfd2 cxd4
30.Qd3 Rd5 31.c4 Rd7 32.Ng5 Ne6 33.Nxf7 Rf8 34.f5 gxf5 35.gxf5 Rxf7 36.fxe6 Rg7+
37.Kh2 Qxd3 38.Rxd3 Rd8 39.Rxd4 Rgg8 40.Rd7 a5 41.R1d4  1/2-1/2

[Event "ch-UKR"]
[Site "Alushta UKR"]
[Date "2010.05.05"]
[Round "3"]
[White "Kuchin,P"]
[Black "Polyakov,M"]
[Result "1/2-1/2"]
[WhiteElo "1994"]
[BlackElo "2349"]

1.e4 c5 2.Nf3 Nc6 3.Bb5 a6 4.Bxc6 bxc6 5.c4 g6 6.Nc3 Bg7 7.b3 d6 8.Bb2 e5
9.d3 Nh6 10.Bc1 f5 11.Bg5 Qc7 12.h4 Nf7 13.Bd2 f4 14.Nh2 Qe7 15.Nf1 h5 16.Qe2 Bf6
17.g3 fxg3 18.fxg3 Nh6 19.Bxh6 Rxh6 20.Ne3 Be6 21.Kd1 O-O-O 22.Kc2 Rh7 23.Raf1 Rf8
24.Rf3 Rhf7 25.Qg2 Bg7 26.Rhf1 Bh6 27.Ncd1 Qd7 28.Rxf7 Rxf7 29.Rxf7 Qxf7
30.Qf1 Qxf1 31.Nxf1 Bg4 32.Nde3 Bh3 33.Kd1 a5 34.Ke2 a4 35.bxa4 Kb7 36.Nd2 Ka6
37.Nb3 Be6 38.Kf3 Bf8 39.g4 hxg4+ 40.Nxg4 Be7 41.Kg3 d5 42.Ne3 dxe4 43.dxe4 Kb6
44.Kf3 Bxh4 45.a5+ Kc7 46.Nxc5 Bg8 47.a6 Kb6 48.Nd7+ Kxa6 49.Nxe5 Bg5 50.Nxc6 Bxe3
51.Kxe3 Bxc4 52.Ne5 Bxa2  1/2-1/2

[Event "ch-UKR"]
[Site "Alushta UKR"]
[Date "2010.05.06"]
[Round "4"]
[White "Kuchin,P"]
[Black "Gorbatenko,K"]
[Result "0-1"]
[WhiteElo "1994"]
[BlackElo "2092"]

1.e4 c5 2.Nf3 Nc6 3.Bb5 d6 4.Bxc6+ bxc6 5.c4 e5 6.d3 Be7 7.Nc3 f5 8.Qa4 Qc7
9.Nd5 Qb7 10.Bd2 Bd7 11.Nxe7 Nxe7 12.O-O O-O 13.Bg5 Ng6 14.Nh4 Nxh4 15.Bxh4 fxe4
16.dxe4 Rf4 17.Be7 Bh3 18.Bxd6 Rg4 19.g3 Bxf1 20.Rxf1 Rxe4 21.Qc2 Rd4 22.Bxe5 Rd7
23.Qf5 Rf7 24.Qe4 Re8 25.b3 Qd7 26.f4 h6 27.Qc2 Rd8 28.Kg2 Qd2+ 29.Rf2 Qxc2
30.Rxc2 Rfd7 31.Bc3 Rd3 32.Ba5 Re8 33.Kf2 Kf7 34.Bc7 Rd1 35.Rb2 g6 36.Ba5 h5
37.Bc3 Rd3 38.Be5 Ke6 39.Bc7 Kf5 40.Rc2 Kg4 41.Kg2 Re7 42.Be5 Red7 43.Bc3 Re3
44.Be5 Rd1 45.Bc3 a6 46.Ba5 h4 47.gxh4 Kxh4 48.Bc3 Kg4 49.Ba5 Kf5 50.Kf2 Red3
51.Re2 Kxf4 52.Bc7+ Kg4 53.Re4+ Kh5 54.Bf4 Ra1 55.Re2 Kg4 56.Be3 Rad1 57.Kg2 Rxe3
58.Rxe3 Rd2+ 59.Kg1 Rxa2 60.Rg3+ Kf5 61.h3 g5 62.Rf3+ Ke5 63.Kf1 a5 64.Ke1 Ke4
65.Rg3 Kf4 66.Rd3 Rg2 67.Rd6 Rg3 68.Rf6+ Ke3 69.Re6+ Kd4 70.Rg6 Rxb3 71.Rxg5 Rxh3
72.Kd2 Rh2+ 73.Kc1 Kxc4 74.Rg6 Kb5 75.Rg8 a4 76.Rb8+ Ka5 77.Kb1 a3 78.Ra8+ Kb4
79.Rb8+ Kc3 80.Rg8 a2+ 81.Ka1 c4 82.Rg7 Rh5 83.Kxa2 Rd5 84.Rg6 Kc2 85.Rg2+ Rd2
86.Rg6 Kc1+ 87.Ka3 c3 88.Kb3 c2 89.Rg1+ Rd1 90.Rg2 Rd3+ 91.Ka2 Rd5 92.Rg1+ Kd2
93.Rg2+ Kc3 94.Rg3+ Rd3 95.Rg1 Rd1 96.Rg3+ Kd4  0-1

[Event "ch-UKR"]
[Site "Alushta UKR"]
[Date "2010.05.07"]
[Round "5"]
[White "Shankovsky,A"]
[Black "Iljin,T"]
[Result "1/2-1/2"]
[WhiteElo "2303"]
[BlackElo "2422"]

1.e4 c5 2.Nf3 Nc6 3.Bb5 d6 4.O-O Bd7 5.c3 Nf6 6.Re1 a6 7.Ba4 b5 8.Bc2 Bg4
9.d3 e6 10.h3 Bh5 11.Bf4 Be7 12.Nbd2 O-O 13.Nf1 d5 14.e5 Nd7 15.Ng3 Bg6 16.d4 b4
17.Bxg6 hxg6 18.a3 bxc3 19.bxc3 cxd4 20.cxd4 Nb6 21.Qd3 Nc4 22.Nf1 N6a5 23.Reb1 Rb8
24.Bc1 Qd7 25.Bd2 Rb5 26.Bb4 Rfb8 27.N1d2 Bxb4 28.axb4 Nc6 29.Nxc4 dxc4 30.Qe4  1/2-1/2

[Event "ch-UKR"]
[Site "Alushta UKR"]
[Date "2010.05.08"]
[Round "6"]
[White "Yastreb,K"]
[Black "Odnorozhenko,E"]
[Result "0-1"]
[WhiteElo "2209"]
[BlackElo "2309"]

1.e4 c5 2.Nf3 Nc6 3.Bb5 d6 4.Bxc6+ bxc6 5.O-O e5 6.c3 f5 7.exf5 Bxf5 8.d4 cxd4
9.cxd4 e4 10.Nfd2 Nf6 11.f3 Be7 12.fxe4 Bg6 13.Qb3 Bf7 14.Qg3 Qb6 15.Nf3 O-O
16.Nc3 Rae8 17.Kh1 Bg6 18.e5 dxe5 19.dxe5 Nd5 20.Nxd5 cxd5 21.b3 d4 22.Bb2 d3
23.Nh4 Rxf1+ 24.Rxf1 d2 25.Nxg6 Qxg6 26.Qc3 Rd8 27.Rd1 Qg4 28.Qc2 Qe2 29.Qc4+ Qxc4
30.bxc4 Bb4 31.Kg1 Rc8 32.a3 Ba5 33.Kf2 Rxc4 34.Ke3 Rc2 35.Bd4 a6 36.Ke2 Kf7
37.Be3 Ke6 38.Bxd2 Kxe5 39.Kd3 Rxd2+ 40.Rxd2 Bxd2 41.Kxd2 Kd4 42.h3 h6 43.g3 Kc4
44.Kc2 g6 45.g4 g5 46.Kb2 a5 47.Kc2 a4  0-1

[Event "ch-CZE"]
[Site "Ostrava CZE"]
[Date "2010.05.08"]
[Round "8"]
[White "Seidl,S"]
[Black "Splichal,S"]
[Result "1/2-1/2"]
[WhiteElo "2052"]
[BlackElo "2219"]

1.e4 c5 2.Nf3 Nc6 3.Bb5 g6 4.O-O Bg7 5.Bxc6 dxc6 6.d3 Nf6 7.Bd2 O-O 8.Nc3 Ne8
9.Qe2 Nc7 10.Nd1 e5 11.Ne3 Ne6 12.g3 Nd4 13.Nxd4 cxd4 14.Ng2 f5 15.f3 Be6
16.b3 Qd7 17.Rf2 a5 18.a4 b6 19.Nh4 fxe4 20.fxe4 Rxf2 21.Qxf2 Rf8 22.Qg2 Bh3
23.Qe2 Bg4 24.Qe1 c5 25.Bg5 h6 26.Bd2 Kh7 27.Ng2 Qe7 28.Rc1 Rf7 29.Ra1 Qf8
30.Rc1 h5 31.Bg5 Bh6 32.Bxh6 Qxh6 33.Ra1 Qg5 34.Qc1 Qf6 35.Qd2 g5 36.Qe1 Kg6
37.Qf1 Qe6 38.Qe1 Bh3 39.Qe2 Qf6 40.Rf1  1/2-1/2

[Event "ch-UKR"]
[Site "Alushta UKR"]
[Date "2010.05.10"]
[Round "8"]
[White "Tukhaev,A"]
[Black "Odnorozhenko,E"]
[Result "1/2-1/2"]
[WhiteElo "2534"]
[BlackElo "2309"]

1.e4 c5 2.Nf3 Nc6 3.Bb5 d6 4.O-O Bd7 5.c3 Nf6 6.Re1 a6 7.Ba4 b5 8.Bc2 Bg4
9.a4 Rb8 10.axb5 axb5 11.d4 cxd4 12.cxd4 Bxf3 13.gxf3 e5 14.d5 Nd4 15.Be3 Be7
16.Bxd4 exd4 17.Qxd4 O-O 18.Nc3 Nh5 19.e5 g6 20.f4 Rc8 21.Bd3 dxe5 22.fxe5 Bc5
23.Qe4 Qg5+ 24.Kh1 Bxf2 25.Re2 b4 26.Rxf2 bxc3 27.b4 c2 28.Bxc2 Rc3 29.Bd3 Nf4
30.Rxf4 Rxd3 31.Rg1 Qh6 32.e6 Rd2 33.Rh4 Qg7 34.e7 Re8 35.Rf1 f5 36.Qe6+ Qf7
37.Qxf7+ Kxf7 38.Rxh7+ Kf6 39.Rg1 Rxd5 40.Rh6 Kxe7 41.Rgxg6 Kf7 42.Rd6 Rxd6
43.Rxd6 Re2 44.Kg1 Rb2 45.Rb6 f4 46.h4 Kg7 47.h5 f3 48.b5 Kh7 49.Kf1 Kg7
50.Rg6+ Kh7 51.Rb6 Kg7 52.Rg6+ Kh7 53.b6 Kh8 54.h6 Kh7 55.Rf6 Kh8 56.Ke1 Kh7
57.Kd1 f2 58.Kc1 f1=Q+ 59.Rxf1 Rxb6 60.Rh1 Rxh6 61.Rxh6+ Kxh6  1/2-1/2

[Event "ch-Commonwealth"]
[Site "Delhi IND"]
[Date "2010.05.10"]
[Round "1"]
[White "Rathnakaran,K"]
[Black "Harshal,S"]
[Result "1-0"]
[WhiteElo "2397"]
[BlackElo "1822"]

1.e4 c5 2.Nf3 Nc6 3.Bb5 g6 4.O-O Bg7 5.Re1 e5 6.c3 Nge7 7.d4 cxd4 8.cxd4 exd4
9.Bg5 O-O 10.e5 Qa5 11.Na3 a6 12.Bf1 Qb4 13.Nc4 b5 14.a3 Qc5 15.b4 Qa7 16.Nd6 Nd5
17.Qb3 Nc7 18.Bf6 Bh6 19.Re4 Ne6 20.Rh4 Bg7 21.Qc2 Qc7 22.Qc1 h5 23.Bxg7 Kxg7
24.Rxh5 gxh5 25.Nf5+ Kg8 26.Qh6 Qd8 27.Bd3 f6 28.Qg6+ Kh8 29.Qxh5+ Kg8 30.Nh6+  1-0

[Event "ch-Commonwealth"]
[Site "Delhi IND"]
[Date "2010.05.10"]
[Round "2"]
[White "Shyam,SM"]
[Black "Ganesh,Ba"]
[Result "1-0"]
[WhiteElo "2372"]
[BlackElo "2092"]

1.e4 c5 2.Nf3 Nc6 3.Bb5 g6 4.Bxc6 dxc6 5.d3 Bg7 6.h3 e5 7.O-O Ne7 8.Be3 b6
9.Qd2 h6 10.a3 a5 11.Qc3 Qc7 12.Nbd2 g5 13.Nc4 g4 14.hxg4 Bxg4 15.Nh2 Be6
16.b4 a4 17.bxc5 b5 18.Nd6+ Kd7 19.d4 f5 20.f3 Qa5 21.Qd3 Kc7 22.exf5 Bd7
23.dxe5 Bxe5 24.Bd4 Bxd4+ 25.Qxd4 Nd5 26.Qe5  1-0

[Event "KNSB Cup"]
[Site "Amersfoort NED"]
[Date "2010.05.13"]
[Round "2.1"]
[White "Van Haastert,E"]
[Black "Kuipers,S"]
[Result "1/2-1/2"]
[WhiteElo "2419"]
[BlackElo "2363"]

1.e4 c5 2.Nf3 Nc6 3.Bb5 d6 4.O-O Bd7 5.Re1 Nf6 6.Nc3 a6 7.Bxc6 Bxc6 8.d4 cxd4
9.Qxd4 e6 10.Bg5 Be7 11.Rad1  1/2-1/2

[Event "BEL-VSF"]
[Site "Gent BEL"]
[Date "2010.05.13"]
[Round "1"]
[White "Rooze,J"]
[Black "De Bock,L"]
[Result "1-0"]
[WhiteElo "2338"]
[BlackElo "2045"]

1.e4 c5 2.Nf3 Nc6 3.Bb5 Nf6 4.Nc3 Nd4 5.e5 Nxb5 6.Nxb5 Nd5 7.Ng5 h6 8.Nxf7 Kxf7
9.Qf3+ Nf6 10.exf6 gxf6 11.Qh5+ Kg8 12.a4 a6 13.Nc3 e6 14.Ra3 Kh7 15.Ne4 f5
16.Rg3 Rg8 17.Qf7+ Rg7 18.Nf6+  1-0

[Event "TCh-UKR Clubs"]
[Site "Alushta UKR"]
[Date "2010.05.14"]
[Round "2"]
[White "Pilavov,G"]
[Black "Kolesov,E"]
[Result "1-0"]
[WhiteElo "2614"]
[BlackElo "1989"]

1.e4 c5 2.Nf3 Nc6 3.Bb5 Nf6 4.Nc3 Nd4 5.e5 Nxb5 6.Nxb5 Nd5 7.Ng5 h6 8.Nxf7 Kxf7
9.Qf3+ Nf6 10.exf6 gxf6 11.Qh5+ Kg8 12.Qxc5 e6 13.Qh5 Rh7 14.O-O d5 15.Nc3 Bd7
16.d4 Rc8 17.Re1 Bg7 18.Qg6 Qb6 19.Ne2 Be8 20.Qd3 Qc6 21.c3 e5 22.dxe5 fxe5
23.Be3 Bg6 24.Qd2 Rd8 25.f4 h5 26.fxe5 Bxe5 27.Bd4 Qd6 28.Bxe5 Qxe5 29.Qf4 Re8
30.Qxe5 Rxe5 31.Ng3 Rhe7 32.Rxe5 Rxe5 33.Rd1 h4 34.Nf1 Kf7 35.Kf2 b5 36.Ne3 Ke6
37.Rd4 Be4 38.a4 a6 39.axb5 axb5 40.Rb4 Bd3 41.Rxh4 Kd6  1-0

[Event "DPMM"]
[Site "Halle GER"]
[Date "2010.05.14"]
[Round "1"]
[White "Naiditsch,A"]
[Black "Kraemer,Mart"]
[Result "1-0"]
[WhiteElo "2686"]
[BlackElo "2521"]

1.e4 c5 2.Nf3 Nc6 3.Bb5 g6 4.Bxc6 dxc6 5.d3 Bg7 6.h3 Nf6 7.Nc3 Nd7 8.O-O Nf8
9.Be3 Ne6 10.Qd2 h6 11.Nh2 Nd4 12.f4 b6 13.Rae1 Be6 14.Nd1 Qd7 15.c3 Nb5
16.a4 Nd6 17.Nf2 Rd8 18.Nf3 Qc8 19.Qc2 c4 20.Bd4 cxd3 21.Nxd3 O-O 22.Bxg7 Kxg7
23.b3 c5 24.Nde5 Bd7 25.f5 Be8 26.Qf2 gxf5 27.Nh4 e6 28.exf5 Nxf5 29.Ng4 Rh8
30.Re5 Bd7 31.Ne3 Rh7 32.Nhxf5+ exf5 33.Nxf5+ Bxf5 34.Rxf5 Kh8 35.Rxf7 Rxf7
36.Qxf7 Qd7 37.Qf6+ Kh7 38.Rf3 Rg8 39.Re3 Rg7 40.Re6 Qd1+ 41.Kh2 Qh5 42.Qf4 Rd7
43.h4 Kg7 44.Qf6+ Kh7 45.g4  1-0

[Event "XV MIC"]
[Site "Split CRO"]
[Date "2010.05.14"]
[Round "8"]
[White "Sax,G"]
[Black "Ljubicic,F"]
[Result "1-0"]
[WhiteElo "2524"]
[BlackElo "2361"]

1.e4 c5 2.Nf3 Nc6 3.Bb5 Nd4 4.Nxd4 cxd4 5.O-O g6 6.c3 Bg7 7.cxd4 Bxd4 8.Nc3 a6
9.Ba4 e6 10.d3 Ne7 11.Bh6 b5 12.Bb3 Nc6 13.Qd2 Qb6 14.Kh1 Bb7 15.Rac1 f5
16.Nd5 exd5 17.exd5 O-O-O 18.Bf4 Rde8 19.a4 Be5 20.Bxe5 Rxe5 21.d4 Re4 22.dxc6 dxc6
23.d5 Rf8 24.Qd1 Kb8 25.dxc6 Bxc6 26.Qf3 Bb7  1-0

[Event "VIII World's Youth Stars"]
[Site "Kirishi RUS"]
[Date "2010.05.15"]
[Round "7"]
[White "Zherebukh,Y"]
[Black "Belous,V"]
[Result "1-0"]
[WhiteElo "2567"]
[BlackElo "2471"]

1.e4 c5 2.Nf3 Nc6 3.Bb5 g6 4.Bxc6 dxc6 5.d3 Bg7 6.h3 Nh6 7.Nc3 b6 8.Be3 f6
9.Qd2 Nf7 10.O-O-O e5 11.Ng1 Be6 12.Kb1 Qe7 13.f4 O-O-O 14.Nf3 exf4 15.Bxf4 Rhe8
16.Rhe1 Qb7 17.Bh2 Qa6 18.Qf4 Ne5 19.Nxe5 fxe5 20.Qh6 b5 21.Qxh7 b4 22.Na4 Bxa2+
23.Kxa2 Qxa4+ 24.Kb1 b3 25.cxb3 Qxb3 26.Qxg6 Re7 27.Qxc6+ Kb8 28.Qxc5 Rc7
29.Qa3 Qc2+ 30.Ka2 Qxg2 31.Bg1 Qxh3 32.Bc5 Ka8 33.Kb1 Rdc8 34.Rc1 Bh6 35.Rh1 Qe6
36.Rc4 Bf4 37.Rg1 Qf7 38.Rg2 Rb7 39.Rgc2 Rd7 40.Bd6  1-0

[Event "Open ch-State"]
[Site "Stuttgart GER"]
[Date "2010.05.15"]
[Round "5"]
[White "Lobzhanidze,D"]
[Black "Aring,G"]
[Result "1/2-1/2"]
[WhiteElo "2517"]
[BlackElo "2190"]

1.e4 c5 2.Nf3 Nc6 3.Bb5 g6 4.c3 Bg7 5.O-O Qb6 6.Qe2 a6 7.Bxc6 Qxc6 8.d4 d6
9.d5 Qc7 10.h3 Nf6 11.Bf4 O-O 12.Nbd2 b5 13.Bh2 Bb7 14.c4 Nd7 15.Rab1 Rfe8
16.Rfe1 e5 17.dxe6 Rxe6 18.cxb5 axb5 19.Qxb5 Rxa2 20.Qb3 Ra6 21.Qc2 Rc6 22.Nc4 Ba6
23.Ne3 Ne5 24.Bxe5 Bxe5 25.Nxe5 dxe5 26.Nd5 Qc8 27.Re3 Kg7 28.Rc3 Bb7 29.Ra1 Rcd6
30.Rxc5 Qd8 31.Raa5 Bxd5 32.Rxd5 Rxd5 33.Rxd5 Qb6 34.Qc3 Rf6 35.Rc5 Qd6 36.Rd5 Qb6
37.Rc5 Qd6 38.Rxe5 Qd1+ 39.Kh2 Qd6 40.f4 h5 41.Rf5 gxf5 42.e5 Qb8 43.exf6+ Kg6
44.b4 h4 45.Qd4 Qb5 46.Qf2 Kh5 47.g4+ Kg6 48.Qc2 Kh6 49.Qd2 Qf1 50.gxf5 Qf3
51.Qe1 Qxf4+ 52.Kg2 Kg5 53.b5 Qd4 54.Qe2 Kxf6 55.Kf3 Qd5+ 56.Qe4 Qb3+ 57.Qe3 Qd5+
58.Qe4 Qb3+ 59.Qe3 Qd5+ 60.Qe4  1/2-1/2

[Event "TCh-UKR Clubs"]
[Site "Alushta UKR"]
[Date "2010.05.16"]
[Round "5"]
[White "Voronov,Y"]
[Black "Moiseenko,A1"]
[Result "1/2-1/2"]
[WhiteElo "2280"]
[BlackElo "2669"]

1.e4 c5 2.Nf3 Nc6 3.Bb5 e6 4.O-O Nge7 5.Re1 Ng6 6.c3 d5 7.exd5 Qxd5 8.c4 Qd3
9.Bxc6+ bxc6 10.b3 Be7 11.Nc3 O-O 12.Ba3 Qf5 13.Qb1 Qh5 14.Qe4 Rd8 15.Rad1 f5
16.Qe3 e5 17.d3 f4 18.Qe2 Bg4 19.h3 Bxf3 20.Qxf3 Qxf3 21.gxf3 Nh4 22.Re4 Nxf3+
23.Kg2 Nh4+ 24.Kf1 Bd6 25.Na4 Nf3 26.Bxc5 Bc7 27.Be7 Re8 28.Kg2 Nd4 29.Bc5 Nf5
30.Nc3 Re6 31.d4 Rg6+ 32.Kf1 exd4 33.Bxd4 Rd6 34.Bc5 Rxd1+ 35.Nxd1 Rd8 36.Ke1 Kf7
37.Nb2 g5 38.Re2 Kf6 39.Nd3 Bb6 40.Bxb6 axb6 41.Kd2 h5 42.Kc3 c5 43.a4 Nd6
44.Re1 Ra8 45.b4 Rxa4 46.Kb3 Ra7 47.bxc5 bxc5 48.Nxc5 Re7 49.Rd1 Nf5 50.Kc3 g4
51.hxg4 hxg4 52.Kd3 g3 53.fxg3 Re3+ 54.Kd2 fxg3 55.Nd3 Kg5 56.Re1 Rf3 57.c5 g2
58.Rg1 Nh4 59.Ke2 Rg3 60.Ne1 Kg4 61.Kf2 Kh3 62.Nxg2 Nxg2 63.c6 Rc3 64.Rh1+ Kg4
65.Kxg2 Rc2+ 66.Kf1 Rc1+ 67.Kg2  1/2-1/2

[Event "Campomanes Mem WIM"]
[Site "Ankara TUR"]
[Date "2010.05.17"]
[Round "1"]
[White "Kaya,E"]
[Black "Sulejmanova,A"]
[Result "1/2-1/2"]
[WhiteElo "2006"]
[BlackElo "2218"]

1.e4 c5 2.Nf3 Nc6 3.Bb5 g6 4.Bxc6 dxc6 5.d3 Bg7 6.h3 e5 7.Be3 Qe7 8.Qd2 Nf6
9.Bh6 O-O 10.Bxg7 Kxg7 11.Qe3 b6 12.Nbd2 Ba6 13.O-O Rad8 14.a3 h6 15.b4 Nd7
16.Rfd1 Qe6 17.c3 f5 18.d4 exd4 19.cxd4 fxe4 20.Qxe4 Qxe4 21.Nxe4 Be2 22.Rd2 Bxf3
23.gxf3 cxd4 24.Rxd4 Ne5 25.Rxd8 Nxf3+ 26.Kg2 Nh4+ 27.Kg3 Nf5+ 28.Kf4 Rxd8
29.Rc1 Rf8 30.Ke5 Re8+ 31.Kf4 Ne7 32.Ke5 Nf5+ 33.Kf4 Nd4 34.Rc4 g5+ 35.Ke3 Nf5+
36.Kf3 Re6 37.Kg4 Kg6 38.Kf3 h5 39.Rc3 Nh4+ 40.Ke3 Kf5 41.Rc4 Ng2+ 42.Kf3 Ne1+
43.Ke3 g4 44.hxg4+ hxg4 45.a4 Ng2+ 46.Kd3 Nf4+ 47.Ke3 a6 48.f3 b5 49.axb5 axb5
50.fxg4+ Kxg4 51.Rd4 Kf5 52.Kf3 Nd5 53.Rc4 Nf4 54.Ke3 Kg4 55.Rd4 Kf5 56.Kf3 Nd5
57.Nc5 Re1 58.Nd3 Re7 59.Nc5 Re1 60.Nd3 Re3+ 61.Kf2 Re4 62.Rxe4 Kxe4 63.Ke2 Nf4+
64.Nxf4 Kxf4 65.Kd3 Ke5 66.Ke3 Kd5 67.Kd3 Ke5 68.Ke3 c5 69.bxc5 Kd5 70.Kd3 Kxc5
71.Kc3 Kb6 72.Kb4  1/2-1/2